| 000 | 00000nam 2200000za 4500 |
| 001 | 9.692793 |
| 003 | CaOODSP |
| 005 | 20210624233355 |
| 007 | cr ||||||||||| |
| 008 | 150407|2007||||xxc|||||o f|0| 0 eng d |
| 040 | |aCaOODSP|beng |
| 043 | |an-cn--- |
| 086 | 1 |aA42-107/2007E-PDF |
| 110 | 1 |aCanada. |bAgriculture and Agri-Food Canada. |bResearch Branch. |
| 245 | 10|aDirectory of microbial pesticides for agricultural crops in OECD countries |h[electronic resource] |
| 260 | |bAgriculture and Agri-Food Canada. |cRevised October 2007. |
| 300 | |a212p. |
| 500 | |aThe ISBN (987-0-662-47103-5) of a previous edition (2005) is printed in this edition. |
| 590 | |a10-02-Supp|b2010-06-14 |
| 690 | 07|aCrops|2gcpds |
| 690 | 07|aPesticides|2gcpds |
| 720 | 1 |aKabaluk, Todd |
| 720 | 1 |aGazdik, Katka |
| 795 | |tDirectory of microbial pesticides for agricultural crops in OECD countries |w(CaOODSP)9.690432 |
| 856 | 40|ahttp://publications.gc.ca|qPDF|s635 KB|uhttps://publications.gc.ca/collections/collection_2009/agr/A42-107-2007E.pdf |